000 00453nam a2200169Ia 4500
003 LK-CoDNM
008 010623t1898 xxu||||| |||| 00| 1 eng d
040 _aLK-CoDNM
_dLK-CoDNM
_eLK-CoDNM
041 _aeng
080 _a9 N 3
100 _aHarrison,R.L.
245 _aThe Gospel o Jesus according to St.Matthew
260 _bKegan Paul,Trench,Trubner and Company
_aLondon
_c1898
300 _b264p., 21 cm
700 _aParaananda,Sri.
942 _cBK
999 _c84642
_d84642